00676nam a2200241 a 4500001001300000003000900013005001700022008004100039020001000080082001300090100001700103245004700120260003600167300000800203500003500211505001000246650001700256700001700273902000800290942000700298952011400305999001500419nice12345678IN_TiNIC20260116012726.0050524s1955 deha grp 000 0 urd  ac10000a201bKHA aKhan, Sardar aZindagi Ke Mushkil Masayal Ka Masihi Jawab aDehradunbMrs.Sardar Khanc1955 a62p aincludes index and biblioraphy2 aindex aChristianity1 aKhan, Sardar bSRS cBK 001040708StackRoom-aHMIbHMId2007-03-19g100.00l0o201 KHAp013689r2007-03-19v100.00w2005-05-24yBK c8119d8119